Figuras de gimnasia educativa: masculinas y femeninas

Saved in:
Bibliographic Details
Main Author: Trapiella, Francisco Javier (Author)
Format: Book
Language:Spanish
Published: Toledo Rafael G. Menor 1950
Edition:3a. ed
Subjects:
Tags: Add Tag
No Tags, Be the first to tag this record!

MARC

LEADER 00000nam a2200000 a 4500
001 UCY8495
003 CL-VaPUC
008 950703e19500000SP |||||||||||||||||spa|d
082 0 4 |a 796.4  |b TRA  |2 21 
100 0 |a Trapiella, Francisco Javier  |e author  |9 339914 
245 1 0 |a Figuras de gimnasia educativa: masculinas y femeninas 
250 |a 3a. ed 
300 |a 179 p 
942 |c BK 
945 |d 19950703 00:00:00  |a mfernand 
260 |a Toledo  |b Rafael G. Menor  |c 1950 
650 0 |a Educación física  |9 240893 
650 7 |a EJERCICIO  |2 CL-VaPUC  |9 310040 
650 7 |a GIMNASIA  |2 CL-VaPUC  |9 307275 
583 |a last modification  |c 19950703 00:00:00  |k Rodrigo Vera 
999 |c 235733  |d 235731